000 00354pab a2200145 454500
008 180718b1986 xxu||||| |||| 00| 0 eng d
100 _aShrestha, M.B.
245 _aCorporate planning concept and its practice in Nepal
260 _c1986
300 _a43-55
362 _aMar.
650 _aManagement - Nepal
773 _aPrashasan
909 _a13129
999 _c13129
_d13129